UEFA Euro Host Cities - Statistics

General Stats
  • This quiz has been taken 162 times
    77 since last reset
  • The average score is 59 of 87
Answer Stats
Year(s) of UEFA Euro(s) Host City % Correct
1960, 1984, 2016 Paris
98%
1996, 2020, 2028 London
97%
1960, 1984, 2016 Marseille
95%
1964 Barcelona
92%
2024 Berlin
92%
1984 Lyon
92%
1964 Madrid
92%
1996, 2028 Manchester
92%
2000, 2020 Amsterdam
91%
1988, 2020, 2024 Munich
89%
1996, 2028 Liverpool
88%
2004 Porto
88%
1968, 1980, 2020 Rome
88%
2012 Kyiv
86%
2004 Lisbon
86%
1992 Stockholm
86%
2012 Warsaw
86%
2016 Bordeaux
85%
1972, 2000 Brussels
85%
1988, 2024 Hamburg
85%
1980 Turin
85%
2008 Vienna
85%
2024 Dortmund
82%
1980 Milan
82%
2000 Rotterdam
82%
2020 Copenhagen
80%
1988, 2024 Frankfurt
80%
2020, 2028 Glasgow
80%
1988, 2024 Stuttgart
80%
2008 Zürich
80%
2028 Dublin
78%
1968, 1980 Naples
78%
2008 Salzburg
78%
2008 Bern
77%
1996, 2028 Birmingham
77%
1984 Nantes
77%
1988, 2024 Cologne
75%
2024 Leipzig
75%
1992 Malmö
74%
1996, 2028 Newcastle
74%
2016 Nice
74%
1988, 2024 Gelsenkirchen
72%
2016 Toulouse
72%
1972 Antwerp
71%
2020 Budapest
71%
2028 Cardiff
71%
2012 Gdańsk
71%
2008 Geneva
71%
2012 Donetsk
69%
2000 Eindhoven
69%
1996 Leeds
68%
2020 Seville
68%
2008 Basel
66%
1976 Belgrade
66%
1988, 2024 Düsseldorf
66%
2000 Bruges
65%
1968 Florence
65%
1992 Gothenburg
65%
1988 Hanover
65%
1984 Strasbourg
65%
1976 Zagreb
65%
2008 Innsbruck
63%
2012 Lviv
63%
2004 Braga
62%
2020 Bucharest
62%
1972, 2000 Liège
58%
2020 Saint Petersburg
57%
2012 Poznań
55%
2012 Wrocław
55%
2020 Baku
54%
1996 Sheffield
51%
2012 Kharkiv
49%
2016 Saint-Denis
49%
1984, 2016 Saint-Étienne
48%
2004 Faro/Loulé
46%
1996 Nottingham
40%
2000 Charleroi
38%
2008 Klagenfurt
38%
1984, 2016 Lens
38%
2004 Coimbra
37%
2004 Guimarães
34%
2000 Arnhem
25%
1992 Norrköping
20%
2004 Aveiro
17%
2004 Leiria
12%
2016 Villeneuve-d'Ascq
9%
2016 Décines-Charpieu
8%
No matching quizzes found
Score Distribution
Percent of People with Each Score
Percentile by Number Answered
Your Score History
You have not taken this quiz since the last reset